| 000 | 00462nam a2200157 4500 | ||
|---|---|---|---|
| 001 | 127810 | ||
| 003 | ES-MaACL | ||
| 005 | 20230906193106.0 | ||
| 007 | t| | ||
| 008 | 070214s1972 sp r ||||1| spa d | ||
| 100 | 1 |
_aRivas Arias, José María. _997566 |
|
| 245 | 1 | 0 |
_aIntroducción a la soldadura eléctrica / _cJosé María Rivas Arias. |
| 260 |
_aMadrid : _bParaninfo, _c1972. |
||
| 300 |
_a128 p. : _bil. ; _c22 cm. |
||
| 852 |
_aES-MaACL _jC-45740 _bR.80305 |
||
| 999 |
_c127810 _d127810 |
||